| 000 | 00809nam a2200217Ia 4500 | ||
|---|---|---|---|
| 999 |
_c39452 _d39452 |
||
| 001 | 6045 | ||
| 003 | GE_BSU | ||
| 005 | 20190910132108.0 | ||
| 008 | 181216s1969||||ge |||||||||||||| ||geo|| | ||
| 040 | _cGE_BSU | ||
| 041 | _ageo | ||
| 080 | _a821.353.1-31 | ||
| 100 |
_aავალიანი, ლადო _93908 |
||
| 245 |
_aახალი ჰორიზონტი ტომი III ნაწილი V-VI / _cლადო ავალიანი ; რედ. ალიო ადამია. |
||
| 264 |
_aთბილისი : _bმერანი ; _c1969. |
||
| 300 |
_a434 გვ. ; _c17 სმ. |
||
| 653 | _aახალი ჰორიზონტი | ||
| 653 | _aრომანი | ||
| 700 |
_aადამია, ალიო _eრედაქტორი _93893 |
||
| 942 |
_cBK _2udc |
||